Competition law in India : (Record no. 33636)

MARC details
000 -LEADER
fixed length control field 01035cam a2200277 a 4500
005 - DATE AND TIME OF LATEST TRANSACTION
control field 20070514152145.0
008 - FIXED-LENGTH DATA ELEMENTS--GENERAL INFORMATION
fixed length control field 060424s2006 ii b 001 0 eng
010 ## - LCCN (DPL NO)
LC control number ENG-95840
020 ## - INTERNATIONAL STANDARD BOOK NUMBER
International Standard Book Number 9780198063537
Terms of availability 445.00
020 ## - INTERNATIONAL STANDARD BOOK NUMBER
International Standard Book Number 0198063539
Terms of availability 445.00
035 ## - SYSTEM CONTROL NUMBER
System control number EN-79373
037 ## - SOURCE OF ACQUISITION
Source of stock number/acquisition DBAD/PUB
040 ## - CATALOGING SOURCE
Original cataloging agency DPL
Language of cataloging eng
082 ## - DEWEY DECIMAL CLASSIFICATION NUMBER
Classification number 343.540721
100 ## - MAIN ENTRY--PERSONAL NAME
Personal name Ramappa, T.
245 ## - TITLE STATEMENT
Title Competition law in India :
Remainder of title policy, issues, and developments /
Statement of responsibility, etc by T. Ramappa
250 ## - EDITION STATEMENT
Edition statement 2nd ed
260 ## - PUBLICATION, DISTRIBUTION, ETC. (IMPRINT)
Place of publication, distribution, etc New Delhi
Name of publisher, distributor, etc Oxford University Press
Date of publication, distribution, etc 2009
270 ## - ADDRESS
Address YMCA library building, jai Singh Road
City New Delhi
Postal code 110001
300 ## - PHYSICAL DESCRIPTION
Extent xvi, 398 p.
Dimensions 23 cm.(pbk)
500 ## - GENERAL NOTE
General note Includes bibliographical references and index
650 ## - SUBJECT ADDED ENTRY--TOPICAL TERM
Topical term or geographic name as entry element Antitrust law
Geographic subdivision India
942 ## - ADDED ENTRY ELEMENTS (KOHA)
Source of classification or shelving scheme Dewey Decimal Classification
Item type English Books
Call number suffix RAM
Classification part 343.540721
Holdings
Withdrawn status Lost status Source of classification or shelving scheme Damaged status Not for loan Collection code Home library Current library Date acquired Source of acquisition Cost, normal purchase price Total Checkouts Full call number Barcode Date last seen Copy number Cost, replacement price Koha item type
    Dewey Decimal Classification   Not For Loan Non-fiction D.B.Act.Division D.B.Act.Division 16/01/2010 DBAD/PUB 445.00   343.540721 RAM EN-79373 16/01/2010 1 445.00 English Books

© Delhi Public Library
Hit Counter
free hit counter